00974nam a22002297a 45000010005000000030006000050050017000110080041000280200018000690400029000870500008001160820010001241000036001342450058001702600034002283000045002625050007003075200371003145210018006855210018007036500023007219113FISKH20251121141525.0251121b cb ||||| |||| 00| 0 eng d a9788966291908 aFISKHbengcFISKHdFISKH aPZ7 a813.6 aHenzel, Cynthia KennedyeAuthor aThe silly wishes /cWritten by Cynthia Kennedy Henzel aSeoul :bCaramel Tree ,c2012 a32 pages :bcolor illustrations ;c24 cm aE  aThe lazy fisherman and his lazy are hungry. The fisherman has no choice but to go and catch a fish for their dinner. However, the fisherman catches a magical fish which offers him three wishes for releasing him back into the sea. The fisherman and his wife waste their wishes quickly, but eventually realize their love for each other is more important than any wish.8 a250 bLexile 8 aE bRaz-Plus  aFisherman vWishes